000 00650cam a2200181 4500
001 D10055
008 090401t1985 xxu||||| |||| 00| 0 eng d
035 _a(Sirsi) u2328
041 _aeng
050 _a692.3096891
110 _aZimbabwe Institute of Quantity Surveyors
_93193
245 _aSystem of measurement of building work in Zimbabwe. Prepared and approved by the Zimbabwe Institute of Quantity Surveyors in consultation with The Construction Industry Federation of Zimbabwe
260 _aHarare
_bZimbabwe Institute of Quantity Surveyors
_c1985
300 _aiii. leaves. 112p. 22cm
350 _a0
942 _n0
948 _c04/03/1997
999 _c85755
_d85755